Gender and social protection in the developing world : beyond mothers and safety nets /

Bibliographic Details
Main Author: Holmes, Rebecca
Corporate Author: ebrary, Inc
Other Authors: Jones, Nicola
Format: eBook
Language:English
Published: London ; New York, N.Y. : Zed Books, [2013]
Subjects:
Online Access:Connect to the full text of this electronic book

MARC

Tag First Indicator Second Indicator Subfields
LEADER 00000cam a2200000 a 4500
001 in00003230010
006 m o d
007 cr cn|||||||||
008 130419s2013 enkad 0bi 001 0 eng d
005 20250816213555.6
035 |a (CaPaEBR)ebr10672823 
040 |a CaPaEBR  |c CaPaEBR  |d UtOrBLW 
050 1 4 |a HQ1870.9  |b .H656 2013eb 
082 0 4 |a 305.42091724  |2 23 
100 1 |a Holmes, Rebecca. 
245 1 0 |a Gender and social protection in the developing world :  |b beyond mothers and safety nets /  |c Rebecca Holmes and Nicola Jones. 
264 1 |a London ;  |a New York, N.Y. :  |b Zed Books,  |c [2013] 
264 4 |c ©2013 
300 |a 1 online resource (xix, 316 pages) :  |b illustrations, charts. 
336 |a text  |b txt  |2 rdacontent 
337 |a computer  |b c  |2 rdamedia 
338 |a online resource  |b cr  |2 rdacarrier 
504 |a Includes bibliographical references and index. 
588 |a Description based on online resource; title from title page (ebrary, viewed April 17, 2013). 
500 |a Electronic resource. 
650 0 |a Women  |x Services for  |z Developing countries. 
650 0 |a Women  |z Developing countries  |x Social conditions. 
650 0 |a Women's rights  |z Developing countries. 
650 0 |a Sex role  |z Developing countries. 
655 7 |a Electronic books.  |2 local 
700 1 |a Jones, Nicola. 
710 2 |a ebrary, Inc. 
856 4 1 |u https://ebookcentral.proquest.com/lib/tamucs/detail.action?docID=1140204  |y Connect to the full text of this electronic book  |t 0 
922 |a Innodata Original LCSH LCC DDC 
980 |a 130430  |b 116.95  |c USD  |e 175.43  |f YBP_EBR0000059989  |g 1 
999 f f |s 4c9d9a7a-b558-3b2c-9961-4f5342dcda7e  |i a03158f8-b860-3e06-96d9-ef838b3f74d0  |t 0 
999 |a MARS 
952 f f |a Texas A&M University  |b College Station  |c Electronic Resources  |d Available Online  |t 0  |e HQ1870.9 .H656 2013eb  |h Library of Congress classification 
998 f f |a HQ1870.9 .H656 2013eb  |t 0  |l Available Online